000 00784nam a22001815i 4500
001 163818
003 ES-MaACL
005 20250929063239.0
008 000103s1872 sp |||| | spa d
040 _aCCPB | B
_bspa
_cCCPB | B
100 1 _aRodríguez Rubí, Tomás,
_d1817-1890
_9131953
245 1 4 _a¡El gran filón!!
_b: comedia original en tres actos y en verso /
_cde Tomás Rodríguez Rubí.
260 _aMadrid :
_b[Administración Lírico-dramática],
_c1872 (
_fImprenta de José Rodríguez)
300 _a106 p. ;
_c20 cm.
500 0 _aEn port.: Representada por primera vez en el Teatro Español en Noviembre de 1874.
852 _aES-MaACL
_jD-2492(5)
_z-- Enc. hol., conservando la cub. original
_z-- Legado de M. de La Fuente
999 _c163818
_d163818